| 000 | 00909cam a2200289 a 4500 | ||
|---|---|---|---|
| 008 | 080519s1996 enk ab b 001 0 eng | ||
| 020 | _a0952806304 | ||
| 040 |
_aDLC _cDLC |
||
| 043 | _af-ua--- | ||
| 050 | 0 | 0 |
_aBX387 _b.K35 1996 |
| 092 | 0 | 4 |
_a916.2399 _bM736 _221 |
| 099 |
_a04 _a916.2399 M736 |
||
| 245 | 1 | 4 |
_aThe Monastery of Saint Catherine / _cedited by Orina Baddeley,Earleen Brunner |
| 260 |
_aLondon : _bThe Saint Catherine Foundation, _cc1996. |
||
| 300 |
_a119 p. : _bill., maps ; _c22 cm. |
||
| 504 | _aIncludes bibliographical references (p. 115) and index. | ||
| 610 | 2 | 0 | _aSaint Catherine (Monastery : Mount Sinai) |
| 651 | 0 | _aSinai, Mount (Egypt) | |
| 700 | 1 |
_aBaddeley, Oriana, _d1954- |
|
| 700 | 1 | _aBrunner, Earleen | |
| 740 | 0 | _aMonastery of Saint Catherine. | |
| 740 | 0 | _aSaint Catherine. | |
| 902 | _a1 | ||
| 905 |
_aEman _eRev |
||
| 905 |
_aJamal _eCat |
||
| 942 |
_2ddc _cBK |
||
| 999 |
_c106019 _d106019 |
||